[Event "Graz op"]
[Site "Graz"]
[Date "1995.??.??"]
[Round "2"]
[White "Novikov, Igor A"]
[Black "Balinov, Ilija"]
[Result "1-0"]
[WhiteElo "2580"]
[BlackElo "2355"]

1.d4 Nf6 2.c4 g6 3.Nc3 d5 4.Nf3 Bg7 5.Bf4 c5 6.dxc5 Qa5 7.cxd5 Nxd5 8.Qxd5 Bxc3+
9.Bd2 Be6 10.Qxb7 Bxd2+ 11.Nxd2 O-O 12.b4 Qa4 13.e3 Rd8 14.Bc4 Bxc4 15.Nxc4 Nc6
16.Nb2 Qa3 17.O-O Rdc8 18.Rab1 Qxb4 19.Nd3 Qe4 20.Qa6 Rd8 21.Rb3 Rab8 22.Rc3 g5
23.h3 h5 24.Rfc1 Rd7 25.Ne1 h4 26.Qe2 f6 27.Nf3 Rdb7 28.Rc4 Qd5 29.Nd4 Rb1
30.Nxc6 Qxc6 31.Qd3 Rxc1+ 32.Rxc1 Kf8 33.e4 Rb2 34.a3 Rb7 35.e5 Kg7 36.Qf5 Rd7
37.exf6+ exf6 38.Re1 Rf7 39.Re6 Qd7  1-0

[Event "Graz op"]
[Site "Graz"]
[Date "1995.??.??"]
[Round "3"]
[White "Valenta, Vit"]
[Black "Novikov, Igor A"]
[Result "1/2-1/2"]
[WhiteElo "2250"]
[BlackElo "2580"]

1.e4 c5 2.Nf3 d6 3.d4 cxd4 4.Nxd4 Nf6 5.Nc3 a6 6.a4 e6 7.Be2 Be7 8.O-O O-O
9.f4 Qc7 10.Kh1 b6 11.Bf3 Bb7 12.Be3 Nbd7 13.Qe2 Rfe8 14.e5 Bxf3 15.Nxf3 Ng4
16.Bd4 Nh6 17.Ne4 Nf5 18.exd6 Bxd6 19.Nxd6 Qxd6 20.Be5 Nxe5 21.Qxe5 Qxe5
22.fxe5 Red8 23.c3 Ne3 24.Rf2 Rd5 25.Re1 Nc4 26.b3 Na5 27.Nd4 Rc8 28.Rf3 h6
29.Kg1 Nb7 30.Kf2 Nc5 31.Rfe3 b5 32.axb5 axb5 33.Nxb5 Nd3+ 34.Rxd3 Rxd3 35.Re3 Rxe3
36.Kxe3 Rc5 37.c4 Rxe5+ 38.Kd4 Re2 39.b4 Kf8 40.Kc5 Rxg2 41.Na7 Ke7 42.b5 Kd7
43.Kb6 Rc2 44.c5 f5 45.c6+ Kd8 46.Kb7 f4 47.b6 f3 48.Ka8 f2 49.b7 f1=Q 50.b8=Q+ Ke7
51.Qb7+ Kf6 52.c7 Qf4 53.c8=Q Rxc8+ 54.Nxc8  1/2-1/2

[Event "Graz op"]
[Site "Graz"]
[Date "1995.??.??"]
[Round "6"]
[White "Novikov, Igor A"]
[Black "Teske, Henrik"]
[Result "1/2-1/2"]
[WhiteElo "2580"]
[BlackElo "2500"]

1.d4 d5 2.c4 e6 3.Nf3 c6 4.Qc2 Nf6 5.g3 dxc4 6.Qxc4 b5 7.Qc2 Bb7 8.Bg2 Nbd7
9.O-O c5 10.a4 a6 11.axb5 Be4 12.Qb3 Bd5 13.Qd1 axb5 14.Rxa8 Qxa8 15.dxc5 Bxc5
16.Nc3 Bc6 17.Ne1  1/2-1/2

[Event "Novgorod op"]
[Site "Novgorod"]
[Date "1995.??.??"]
[Round "9"]
[White "Novikov, Igor A"]
[Black "Iskusnyh, Sergei"]
[Result "0-1"]
[WhiteElo "2590"]
[BlackElo "2425"]

1.d4 Nf6 2.c4 g6 3.Nc3 Bg7 4.e4 d6 5.f3 O-O 6.Bg5 c6 7.Qd2 a6 8.O-O-O b5
9.Bh6 Qa5 10.Kb1 Bxh6 11.Qxh6 Nbd7 12.h4 Rb8 13.h5 bxc4 14.Nge2 c5 15.hxg6 fxg6
16.Nd5 Rf7 17.Nxf6+ exf6 18.Qc1 Nb6 19.Nc3 Rfb7 20.Ka1 Be6 21.d5 Bd7 22.Rd2 Ba4
23.Nb1 Bb3 24.Na3 Bxa2 25.Kxa2 Na4 26.Bxc4 Rxb2+ 27.Rxb2 Rxb2+ 28.Qxb2 Nxb2
29.Kxb2 Qd2+ 30.Nc2 Qxg2 31.Rf1 h5 32.Kc3 h4 33.Ne3 Qg3 34.Be2 h3 35.Rh1 h2
36.Ng4 f5 37.exf5 gxf5 38.Nxh2 Qg2 39.Re1 Qxh2 40.Bxa6 Qf2 41.Rd1 Qxf3+ 42.Rd3 Qf4
43.Bc4 Qc1+  0-1

[Event "Riga op"]
[Site "Riga"]
[Date "1995.??.??"]
[Round "?"]
[White "Novikov, Igor A"]
[Black "Sulskis, Sarunas"]
[Result "1-0"]
[WhiteElo "2590"]
[BlackElo "2470"]

1.d4 Nf6 2.c4 e6 3.Nf3 b6 4.g3 Bb7 5.Bg2 Be7 6.O-O O-O 7.b3 d5 8.Nc3 c5 9.Ne5 Nbd7
10.Bb2 cxd4 11.Qxd4 Nxe5 12.Qxe5 Nd7 13.Qd4 Nf6 14.cxd5 exd5 15.Rfd1 Bc5
16.Qf4 Qe7 17.e3 Rad8 18.Rd3 d4 19.exd4 Bxg2 20.Kxg2 Bb4 21.Nd1 Rfe8 22.Ne3 Qb7+
23.Qf3 Nd5 24.Nxd5 Rxd5 25.Re3 Red8 26.Re5 R5d7 27.d5 Bf8 28.Rd1 h6 29.h4 Qa6
30.a4 Qb7 31.Re4 b5 32.axb5 Qxb5 33.Rg4 Rd6 34.Be5 h5 35.Rg5 Rh6 36.Bf4 Rf6
37.d6 Qe8 38.Rgd5 Rd7 39.Qxh5 Re6 40.Qf3 f6 41.Rc5  1-0

[Event "Riga op"]
[Site "Riga"]
[Date "1995.??.??"]
[Round "?"]
[White "Novikov, Igor A"]
[Black "Fridman, Daniel"]
[Result "1/2-1/2"]
[WhiteElo "2590"]
[BlackElo "2440"]

1.d4 d6 2.e4 Nf6 3.f3 c5 4.d5 g6 5.c4 Bg7 6.Nc3 O-O 7.Bg5 Na6 8.Qd2 Nc7 9.Nge2 a6
10.a4 b6 11.Nc1 Bd7 12.Rb1 Qe8 13.b3 b5 14.axb5 axb5 15.Bd3 Ra3 16.O-O bxc4
17.Bxc4 Bb5 18.N1e2 Qb8 19.Nxb5 Nxb5 20.b4 cxb4 21.Qxb4 Qa7+ 22.Kh1 Nc7 23.Rbc1 Ra4
24.Qb3 Nd7 25.Be3 Nc5 26.Qc2 Ra8 27.Nd4 Bxd4 28.Bxd4 Ne8 29.h3 Nf6 30.Ra1 Qa5
31.Kh2 Nfd7 32.Rfb1 Rxa1 33.Rxa1 Qd8 34.Rxa8 Qxa8 35.Bb5 Qb8 36.Qc4 Nb6 37.Qb4 Nbd7
38.Bc3 f6 39.Qc4 Ne5 40.Qe2 g5 41.Bd4 Qb6 42.h4 h6 43.f4 gxf4 44.Bxe5 dxe5
45.Qg4+ Kh8 46.Qc8+ Kg7 47.Qg4+ Kh8 48.Qc8+ Kg7 49.Qg4+  1/2-1/2

[Event "Riga op"]
[Site "Riga"]
[Date "1995.??.??"]
[Round "?"]
[White "Novikov, Igor A"]
[Black "Meijers, Viesturs"]
[Result "1-0"]
[WhiteElo "2590"]
[BlackElo "2360"]

1.d4 d5 2.c4 e6 3.Nf3 Nf6 4.Nc3 Be7 5.Bg5 O-O 6.e3 b6 7.Bd3 Nbd7 8.O-O Bb7
9.Qe2 a6 10.a4 c5 11.Rfd1 cxd4 12.exd4 dxc4 13.Bxc4 Re8 14.Re1 Nf8 15.Rad1 Ng6
16.Ne5 Qd6 17.Nxg6 hxg6 18.d5 exd5 19.Bxf6 gxf6 20.Nxd5 Qc6 21.Qxe7 Kg7 22.Qc7  1-0

[Event "St Petersburg op"]
[Site "St Petersburg"]
[Date "1995.??.??"]
[Round "3"]
[White "Volzhin, Alexander"]
[Black "Novikov, Igor A"]
[Result "1/2-1/2"]
[WhiteElo "2425"]
[BlackElo "2590"]

1.d4 d5 2.c4 e6 3.Nf3 Nf6 4.Nc3 c6 5.Bg5 h6 6.Bxf6 Qxf6 7.e3 Nd7 8.Bd3 dxc4
9.Bxc4 g6 10.O-O Bg7 11.Qc2 O-O 12.Bb3 Qe7 13.e4 b6 14.Rfe1 Bb7 15.e5 a6
16.Rad1 b5 17.Qe4 Rab8 18.Qe3 Rfd8 19.Ne4 c5 20.Nxc5 Nxc5 21.dxc5 Rdc8 22.Rd6 Bxf3
23.gxf3 Qg5+ 24.Qxg5 hxg5 25.c6 Rc7 26.f4 Bf8 27.Rd7 Rxd7 28.cxd7 gxf4 29.Rc1 Rd8
30.Rc7 Bb4 31.Rc8 Ba5 32.Rxd8+ Bxd8 33.Kg2 Kf8 34.Kf3 Ke7 35.Kxf4 Bb6 36.Ke4 Bxf2
37.a4 Kxd7 38.axb5 axb5 39.Bc2 Bg1 40.h3 Bf2 41.Bd3 Kc6 42.b3 Kc5 43.Be2 Be1
44.Bd3 Bh4 45.Be2 Kb4 46.Bd3 f5+ 47.exf6 Bxf6  1/2-1/2

[Event "St Petersburg op"]
[Site "St Petersburg"]
[Date "1995.??.??"]
[Round "6"]
[White "Novikov, Igor A"]
[Black "Yemelin, Vasily"]
[Result "1-0"]
[WhiteElo "2590"]
[BlackElo "2515"]

1.d4 Nf6 2.c4 e6 3.Nf3 b6 4.g3 Bb7 5.Bg2 Be7 6.O-O O-O 7.b3 c5 8.Nc3 cxd4
9.Qxd4 d6 10.e4 Nbd7 11.Qe3 Qc7 12.Nd4 Rac8 13.Bb2 Rfe8 14.Rad1 a6 15.Rfe1 Qb8
16.Qd2 Qa8 17.Re2 Bf8 18.f3 Ne5 19.Qe1 Qb8 20.Kh1 Ba8 21.Red2 Ng6 22.Qf2 Be7
23.Bh3 Rcd8 24.Ba3 h5 25.Nxe6 fxe6 26.Bxe6+ Kh7 27.Bf5 Bf8 28.Nd5 Re5 29.Bb2 Nxd5
30.Bxe5 Ne7 31.Rxd6 Rxd6 32.Bxd6 Qd8 33.Bxg6+ Nxg6 34.Qd4 h4 35.Kg2 Bxd6
36.Qxd6 Qg5 37.Qd2 Qf6 38.Qd8 Qb2+ 39.Rd2 Qc1 40.Qg5 h3+  1-0

[Event "St Petersburg op"]
[Site "St Petersburg"]
[Date "1995.??.??"]
[Round "7"]
[White "Sherbakov, Ruslan"]
[Black "Novikov, Igor A"]
[Result "1/2-1/2"]
[WhiteElo "2520"]
[BlackElo "2590"]

1.d4 d5 2.c4 e6 3.Nc3 c6 4.e4 dxe4 5.Nxe4 Bb4+ 6.Bd2 Qxd4 7.Bxb4 Qxe4+ 8.Be2 Na6
9.Bc3 Ne7 10.Bxg7 Rg8 11.Bf6 Qf4 12.Bxe7 Kxe7 13.g3 Qe5 14.Qb1 b6 15.Nf3 Qf6
16.O-O Bb7 17.Qe4 Nc5 18.Qe3 Nd7 19.Bd3 c5 20.Be4 Bxe4 21.Qxe4 Qg6 22.Qe3 Rad8
23.Rad1 Qg4 24.Rxd7+ Rxd7 25.Ne5 Qf5 26.Nxd7 Kxd7 27.Rd1+ Ke7 28.Qa3 Qc2
29.Qxa7+ Kf6 30.Qd7 Qxc4 31.Qb7 Qxa2 32.Qxb6 Rc8 33.Qb7 Qa8 34.Qd7 Qf3 35.Rd3 Qc6
36.Qxc6  1/2-1/2

[Event "Vienna op"]
[Site "Vienna"]
[Date "1995.??.??"]
[Round "1"]
[White "Fabisch, Christian"]
[Black "Novikov, Igor A"]
[Result "0-1"]
[WhiteElo "2210"]
[BlackElo "2580"]

1.e4 c5 2.g3 Nc6 3.Bg2 g6 4.c4 Bg7 5.Nc3 Nf6 6.Nge2 O-O 7.O-O Ne8 8.a3 Nc7
9.Rb1 a5 10.d3 d6 11.f4 Rb8 12.a4 Bg4 13.h3 Bxe2 14.Nxe2 Ne6 15.f5 Ned4 16.Nxd4 Nxd4
17.Bg5 Kh8 18.Kh1 Be5 19.g4 Qd7 20.b3 f6 21.Bd2 b6 22.Qe1 Rf7 23.h4 Rg8 24.Bh3 gxf5
25.exf5 h5 26.g5 fxg5 27.Bxg5 Nxf5 28.Rxf5 Rxf5 29.Qe2 Qc6+ 30.Bg2 Qe8 31.Be4 Rfxg5
32.hxg5 Rxg5 33.Rg1 Qg8 34.Rg2 Qg7 35.Qf3 Bg3 36.Rxg3 Rxg3 37.Qxh5+ Kg8 38.Bd5+ e6
39.Qe8+ Qf8 40.Qxe6+ Kg7 41.Qd7+ Kf6 42.Qe6+ Kg5 43.Bg2 Qh6+  0-1

[Event "Vienna op"]
[Site "Vienna"]
[Date "1995.??.??"]
[Round "3"]
[White "Robovic, Saudin"]
[Black "Novikov, Igor A"]
[Result "0-1"]
[WhiteElo "2410"]
[BlackElo "2580"]

1.e4 c5 2.Nf3 d6 3.d4 cxd4 4.Nxd4 Nf6 5.Nc3 a6 6.Bc4 e6 7.Bb3 b5 8.O-O Be7
9.Re1 O-O 10.a3 Re8 11.Qf3 Bb7 12.Qg3 Bf8 13.Bg5 Nbd7 14.Rad1 Qb6 15.Nf3 Rac8
16.Qh4 Be7 17.Qh3 Nc5 18.e5 Bxf3 19.exf6 Bxd1 20.fxe7 Nxb3 21.Rxd1 Nc5 22.Rd4 Nd7
23.Rh4 g6 24.Be3 Rxc3 25.bxc3 Qa5 26.Bc1 h5 27.Qg3 Rxe7 28.h3 Ne5 29.Rxh5 Rc7
30.Rh6 Qxc3 31.Qh4 Nd7 32.Bf4 Qf6 33.Bg5 Qa1+ 34.Kh2 Rxc2  0-1

[Event "Vienna op"]
[Site "Vienna"]
[Date "1995.??.??"]
[Round "8"]
[White "Novikov, Igor A"]
[Black "Markowski, A."]
[Result "1/2-1/2"]
[WhiteElo "2580"]
[BlackElo "2530"]

1.d4 d6 2.e4 Nf6 3.Nc3 g6 4.Nf3 Bg7 5.Be2 O-O 6.O-O c6 7.a4 Qc7 8.Bf4 Nbd7
9.e5 dxe5 10.Nxe5 Nxe5 11.Bxe5 Qa5 12.Bc4  1/2-1/2

[Event "Benasque op"]
[Site "Benasque"]
[Date "1996.??.??"]
[Round "7"]
[White "Galego, Luis"]
[Black "Novikov, Igor A"]
[Result "0-1"]
[WhiteElo "2435"]
[BlackElo "2585"]

1.c4 e6 2.g3 d5 3.Bg2 c6 4.Qc2 dxc4 5.Qxc4 b5 6.Qc2 Bb7 7.Nc3 Qb6 8.Nf3 Nd7
9.d4 Ngf6 10.O-O c5 11.dxc5 Bxc5 12.Qb3 Ng4 13.e3 a6 14.Qd1 Rd8 15.Qe2 O-O
16.Bd2 Bc6 17.a3 Qb7 18.h3 Ngf6 19.b4 Bb6 20.Rfd1 Ne5 21.Nxe5 Bxg2 22.Kh2 Bc7
23.f3 Bxh3 24.Nxf7 Rxf7 25.Kxh3 Nd7 26.Ne4 Ne5 27.Ng5 Rf6 28.Bc3 Rdf8 29.Rf1 Rg6
30.e4 Nxf3 31.Rxf3 Rxf3 32.Qxf3 Rxg5 33.Be1 Rf5 34.Qg4 Qc6 35.Bd2 Rf2 36.Rc1 Qd6
37.Bf4 e5 38.Qc8+ Bd8 39.Bg5 Rf8 40.Be3 Bg5 41.Bxg5 Rxc8 42.Rxc8+ Kf7 43.Rc5 h6
44.Bc1 Qd3 45.Bb2 Qf1+  0-1

[Event "Bled op"]
[Site "Bled"]
[Date "1996.??.??"]
[Round "2"]
[White "Truta, Srecko"]
[Black "Novikov, Igor A"]
[Result "0-1"]
[WhiteElo "2220"]
[BlackElo "2590"]

1.d4 d5 2.Nf3 Nf6 3.c4 e6 4.cxd5 exd5 5.Nc3 c6 6.Bg5 h6 7.Bh4 Bf5 8.e3 Qb6
9.Qb3 Nbd7 10.Be2 Bd6 11.Nd2 O-O 12.O-O Qc7 13.Bg3 Bxg3 14.hxg3 Nb6 15.a4 a5
16.Rfc1 Rfe8 17.Nb5 Qe7 18.Nd6 Qxd6 19.Qxb6 Qe7 20.Qc5 Qxc5 21.Rxc5 Ra7 22.Rc3 Rc8
23.f3 h5 24.Kf2 Kf8 25.Nb3 Ke7 26.Nc1 g6 27.Nd3 Ne8 28.Rb1 Nd6 29.b4 axb4
30.Rxb4 Bxd3 31.Bxd3 Rca8 32.Bc2 f5 33.Rb1 Kf6 34.Rb6 Ra6 35.Rb4 Ra5 36.Rc5 Ke6
37.Bb3 Kd7 38.Rc1 Kc7 39.Rh1 Re8 40.Bc2 Re7 41.Bd3 Ra8 42.Be2 Rae8 43.Rb3 Re6
44.Rc3 Ra8 45.Bd1 Ra6 46.Bb3 Kd7 47.Rb1 Rb6 48.Rcc1 Re8 49.Bc2 Rxb1 50.Rxb1 Ra8
51.Ke2 Kc7 52.Rb4 b6 53.Bb3 Re8 54.Bc2 c5 55.dxc5 bxc5 56.Rb1 d4 57.e4 fxe4
58.Bxe4 Nxe4 59.fxe4 Rxe4+ 60.Kd3 Re3+ 61.Kc4 Kc6  0-1

[Event "Calcutta op"]
[Site "Calcutta"]
[Date "1996.??.??"]
[Round "1"]
[White "Sriram, Jha"]
[Black "Novikov, Igor A"]
[Result "1/2-1/2"]
[WhiteElo "2345"]
[BlackElo "2590"]

1.c4 e6 2.Nc3 d5 3.cxd5 exd5 4.d4 c6 5.Nf3 Bf5 6.Bf4 Nf6 7.e3 Qb6 8.Qc1 Nbd7
9.Be2 Be7 10.O-O O-O 11.h3 Rfe8 12.a3 a5 13.Na4 Qa7 14.b4 axb4 15.axb4 Bxb4
16.Qb2 Ba5 17.Rfc1 Ne4 18.Nh4 Be6 19.f3 g5 20.fxe4 gxf4 21.exd5 Bxd5 22.exf4 Qb8
23.Bg4 Nf6 24.Rf1 b5 25.Nc5 Bb6 26.Rxa8 Qxa8 27.Bf3 Qd8 28.Nf5 Ne4 29.Qc2 Qf6
30.g4 Bxc5 31.dxc5 b4 32.Re1 Nd6 33.Rxe8+ Nxe8 34.Bxd5 cxd5  1/2-1/2

[Event "Calcutta op"]
[Site "Calcutta"]
[Date "1996.??.??"]
[Round "3"]
[White "Soman, Satchidanand"]
[Black "Novikov, Igor A"]
[Result "0-1"]
[WhiteElo "2320"]
[BlackElo "2590"]

1.d4 d5 2.c4 e6 3.Nc3 c6 4.cxd5 exd5 5.Bf4 Bf5 6.e3 Qb6 7.Qc1 Nf6 8.Nf3 Be7
9.Be2 Nbd7 10.h3 O-O 11.O-O Rfe8 12.a3 a5 13.Na4 Qa7 14.b3 b5 15.Nb2 Qb6
16.Bd3 Be4 17.a4 b4 18.Ne5 Nxe5 19.Bxe5 Bxd3 20.Nxd3 Ne4 21.Ra2 f6 22.Bf4 Nc3
23.Rd2 Rac8 24.Kh1 c5 25.dxc5 Bxc5 26.Qb2 Qa6 27.Rg1 Ba7 28.Ne1 d4 29.exd4 Ne2
30.Be3 Nxg1 31.Kxg1 Rc3 32.Nc2 Rd3 33.Qc1 Rxb3 34.d5 Bxe3 35.Nxe3 Rc3 36.Qd1 Qd6
37.Nf5 Qe5 38.Nd4 Qe1+ 39.Qxe1 Rxe1+ 40.Kh2 Re7 41.Nc6 Rd7 42.Nxa5 Rc5 43.Nb3 Rdxd5
44.Rb2 Rc3 45.Nd2 Rd4 46.Nb1 Rc8 47.Nd2 b3 48.f3 h5 49.a5 Ra8 50.Nxb3 Rb4
51.a6 Rxa6 52.Nc5 Rxb2 53.Nxa6 h4 54.Kg1 Kf7  0-1

[Event "Calcutta op"]
[Site "Calcutta"]
[Date "1996.??.??"]
[Round "4"]
[White "Novikov, Igor A"]
[Black "Nadera, Barlo A"]
[Result "1-0"]
[WhiteElo "2590"]
[BlackElo "2430"]

1.d4 Nf6 2.c4 e6 3.Nf3 d5 4.Nc3 c6 5.Bg5 dxc4 6.e4 b5 7.e5 h6 8.Bh4 g5 9.Nxg5 hxg5
10.Bxg5 Nbd7 11.g3 Bb7 12.Bg2 Qb6 13.exf6 O-O-O 14.O-O c5 15.d5 b4 16.Na4 Qa6
17.a3 Bxd5 18.Bxd5 Ne5 19.Nxc5 Bxc5 20.axb4 Bxf2+ 21.Rxf2 Rxd5 22.Qf1 Qb6
23.Qe2 Nd3 24.Be3 Qc6 25.Rff1 a6 26.Ra5 Kb7 27.Rxd5 Qxd5 28.Bf2 Ne5 29.Be1 Qd4+
30.Kh1 Qd3 31.Qg2+ Kc7 32.Rf4 Nc6 33.Bc3 e5 34.Re4 Rh6 35.h4 Kd6 36.Re2 Nd4
37.Rd2 Qb1+ 38.Kh2 Rxf6 39.Bxd4 exd4 40.Rxd4+ Ke7 41.Rxc4 Kf8 42.Qd2 Qf1
43.Qd8+ Kg7 44.Rg4+ Rg6 45.Qd4+ Kg8 46.Re4 Rf6 47.Rg4+ Rg6 48.Rf4 Qe2+ 49.Rf2 Qe6
50.Qc5 Qd7 51.Qe5 Re6 52.Qf5 Qe8 53.Kh3 Rg6 54.Rf4 Qe7 55.Rg4 Qd6 56.b5 axb5
57.Rxg6+ fxg6 58.Qxb5 Qd1 59.Qb8+ Kg7 60.Qa7+ Kg8 61.Qf2 Qh1+ 62.Kg4 Qd5
63.Kh3 Qh1+ 64.Qh2 Qb1 65.Qd2  1-0

[Event "Calcutta op"]
[Site "Calcutta"]
[Date "1996.??.??"]
[Round "6"]
[White "Novikov, Igor A"]
[Black "Al Modiahki, Mohamad"]
[Result "1-0"]
[WhiteElo "2590"]
[BlackElo "2425"]

1.d4 Nf6 2.c4 g6 3.Nc3 Bg7 4.e4 d6 5.f3 O-O 6.Bg5 c5 7.d5 e6 8.Qd2 exd5 9.cxd5 a6
10.a4 Re8 11.Nge2 Nbd7 12.Ng3 Qa5 13.Be2 h5 14.O-O Nh7 15.Be3 Ne5 16.f4 Ng4
17.Bxg4 Bxg4 18.e5 h4 19.Nge4 dxe5 20.Nd6 e4 21.f5 Re7 22.fxg6 fxg6 23.Rf4 Nf6
24.Raf1 Rf8 25.h3 Bh5 26.Nc4 Qb4 27.d6 Ree8 28.Rxf6 Rxf6 29.Qd5+ Kh7 30.d7 Rd8
31.Bxc5  1-0

[Event "Calcutta op"]
[Site "Calcutta"]
[Date "1996.??.??"]
[Round "11"]
[White "Novikov, Igor A"]
[Black "Annageldiev, Orazly"]
[Result "1-0"]
[WhiteElo "2590"]
[BlackElo "2485"]

1.d4 Nf6 2.c4 e6 3.Nf3 b6 4.g3 Bb4+ 5.Bd2 Be7 6.Bg2 Bb7 7.O-O O-O 8.Nc3 c6
9.e4 d5 10.e5 Ne4 11.cxd5 cxd5 12.Re1 Nxd2 13.Qxd2 Ba6 14.h4 Nc6 15.Ng5 h6
16.Nh3 Rc8 17.Kh2 Na5 18.f4 Nc4 19.Qf2 Bb4 20.Rac1 f5 21.exf6 Rxf6 22.Qe2 Kh8
23.a3 Bd6 24.b3 Bxa3 25.Rc2 Bb4 26.bxc4 Bxc4 27.Qf3 Bb3 28.Rcc1 a5 29.Re3 a4
30.Rb1 Rc4 31.Nf2 Qc8 32.Ne2 Bc2 33.Ra1 Bd2 34.Rea3 b5 35.Ng4 Rf8 36.Ne5 Rc7
37.R3a2 Kg8 38.Nd3 Rc4 39.Ne5 Be4 40.Qa3 Bb4 41.Qe3 Rc2 42.Bxe4 dxe4 43.Qxe4 Rxa2
44.Rxa2 Bd6 45.Ng6 a3 46.d5 e5 47.Rc2 Qg4 48.Nxe5 Re8 49.Qd4 Qf5 50.Rd2 Ra8
51.Ra2 b4 52.Qc4 Rc8 53.Nc6 Re8 54.Ned4 Qb1 55.Qb3 Qxb3 56.Nxb3 Re3 57.Ncd4 Rc3
58.Rc2 Rd3 59.Rc6 Be7 60.d6 Bf6 61.d7  1-0

[Event "Cappelle op"]
[Site "Cappelle la Grande "]
[Date "1996.??.??"]
[Round "1"]
[White "Novikov, Igor A"]
[Black "Skripchenko, Almira"]
[Result "1-0"]
[WhiteElo "2590"]
[BlackElo "2390"]

1.d4 d5 2.c4 dxc4 3.Nf3 Nf6 4.e3 a6 5.Bxc4 e6 6.O-O c5 7.a4 Nc6 8.Qe2 cxd4
9.Rd1 d3 10.Bxd3 Qc7 11.Nc3 Bc5 12.Bd2 Nb4 13.Ne4 Nxd3 14.Nxf6+ gxf6 15.Qxd3 b6
16.Rac1 Qb7 17.Bb4 Bd7 18.Bxc5 bxc5 19.Rxc5 Bxa4 20.Rdc1 Rd8 21.Qc3 Rg8 22.Qxf6 Bb3
23.h3 Qe7 24.Qf4  1-0

[Event "Cappelle op"]
[Site "Cappelle la Grande "]
[Date "1996.??.??"]
[Round "7"]
[White "Novikov, Igor A"]
[Black "Nedela, Vlastimil"]
[Result "1-0"]
[WhiteElo "2590"]
[BlackElo "2445"]

1.d4 Nf6 2.c4 g6 3.Nc3 Bg7 4.e4 d6 5.f3 O-O 6.Bg5 c6 7.Qd2 a6 8.Bd3 b5 9.Nge2 Nbd7
10.O-O Bb7 11.b3 Qb6 12.Be3 Qc7 13.Kh1 bxc4 14.bxc4 c5 15.Nd5 Qd8 16.Rab1 cxd4
17.Bxd4 Bc8 18.Bc3 Nxd5 19.Bxg7 Kxg7 20.cxd5 Nc5 21.Nd4 Bd7 22.Nb3 Nxd3 23.Qxd3 Bb5
24.Qd4+ Kg8 25.Rfc1 Qd7 26.Rc3 Rfc8 27.Rbc1 Qd8 28.Na5 Rxc3 29.Qxc3 Qb6 30.Nc6 Bxc6
31.dxc6 Qc7 32.Qc4 a5 33.h3 Rb8 34.a3 e6 35.f4 Rd8 36.f5 exf5 37.exf5 Re8
38.Qg4 Rc8 39.f6 h6 40.Qd7 Kh7 41.Rd1  1-0

[Event "Graz op"]
[Site "Graz"]
[Date "1996.??.??"]
[Round "?"]
[White "Novikov, Igor A"]
[Black "Chudinovskih, Alexander"]
[Result "1-0"]
[WhiteElo "2590"]
[BlackElo "2290"]

1.d4 Nf6 2.c4 e6 3.Nf3 c5 4.d5 exd5 5.cxd5 d6 6.e4 g6 7.Bd3 Bg7 8.h3 O-O
9.O-O Nbd7 10.Re1 a6 11.a4 Rb8 12.Na3 Ne8 13.Rb1 Nb6 14.Bd2 Qd7 15.b3 Nc7
16.a5 Nba8 17.b4 cxb4 18.Rxb4 Qd8 19.Qb3 Ne8 20.Bxa6 Qxa5 21.Rxb7 Rxb7 22.Bxb7 Qb6
23.Qxb6 Nxb6 24.Bc6 Ba6 25.Bb4 Nc8 26.e5 f6 27.Nd4 fxe5 28.Ne6 Nf6 29.Nxf8 Bxf8
30.Nb5 Bxb5 31.Bxb5 Nb6 32.Rc1 Nbxd5 33.Bc4 Kf7 34.Rd1 Ke6 35.Ba5 e4 36.Bc3  1-0

[Event "Graz op"]
[Site "Graz"]
[Date "1996.??.??"]
[Round "?"]
[White "Novikov, Igor A"]
[Black "Deutsch, Ludwig"]
[Result "1-0"]
[WhiteElo "2590"]
[BlackElo "2250"]

1.d4 Nf6 2.c4 g6 3.Nc3 Bg7 4.e4 d6 5.Nge2 O-O 6.Ng3 c6 7.Be2 e5 8.d5 cxd5
9.cxd5 Nbd7 10.Be3 b6 11.Nf1 Nc5 12.Nd2 Ba6 13.Bxa6 Nxa6 14.O-O Qd7 15.f3 Rac8
16.Qe2 Nc5 17.Rfc1 Na4 18.Nc4 Nxc3 19.Rxc3 Rfd8 20.Rac1 Ne8 21.Na3 Rxc3 22.Rxc3 Qa4
23.Qb5 Qd1+ 24.Qf1 Qa4 25.Rc1 Qd7 26.Qb5 Qb7 27.Rc6 Bf6 28.Qc4 Qe7 29.Qc1 Bg7
30.Nb5 Rd7 31.Rc8 f5 32.Bg5 Qf7 33.Qc6 Bf8 34.Ra8 fxe4 35.fxe4 Ng7 36.Nxd6  1-0

[Event "Graz op"]
[Site "Graz"]
[Date "1996.??.??"]
[Round "?"]
[White "Novikov, Igor A"]
[Black "Freitag, Manfred"]
[Result "1/2-1/2"]
[WhiteElo "2590"]
[BlackElo "2305"]

1.d4 Nf6 2.c4 g6 3.Nc3 Bg7 4.e4 d6 5.f3 O-O 6.Bg5 a6 7.Qd2 Nbd7 8.Nge2 c5
9.d5 b5 10.cxb5 Qa5 11.Nc1 axb5 12.Nxb5 Nb6 13.Qxa5 Rxa5 14.Bd2 Ra8 15.Rb1 Bd7
16.Be2 Rfb8 17.Nc3 Ne8 18.b3 Nc7 19.O-O Ra3 20.Re1 Rba8 21.Bd3 c4 22.Be2 e6
23.dxe6 Bxe6 24.Nd1 d5 25.Bb4 Bd4+ 26.Kf1 R3a7 27.bxc4 dxe4 28.fxe4 Nxc4
29.Nb3 Bb6 30.Rc1 Ra4 31.Bxc4 Rxb4 32.Bxe6 Nxe6 33.Nc3 Nf4 34.Red1 Rc4 35.g3 Ne6
36.Nd5 Rxc1 37.Rxc1 Bd8 38.Rc2 Ra4 39.Nd2 Kg7 40.Kf2 Ba5 41.Nb3 Bd8 42.Ke3 Bg5+
43.Kd3 h5 44.Nc3 Rb4 45.Ne2 Bf6 46.Nf4 Ng5 47.Nd5 Ra4 48.Nxf6 Kxf6 49.Nc5 Ra3+
50.Kc4 Ke5 51.Re2 h4 52.Kb4 Ra8 53.gxh4 Nf3 54.a4 Kd4 55.Rc2 Rb8+ 56.Ka3 Ne5
57.Nd7 Nxd7 58.Rd2+ Kc3 59.Rxd7 Rb3+ 60.Ka2 Rb2+ 61.Ka1 Rb4 62.Rc7+ Kb3 63.Rxf7 Rxa4+
64.Kb1 Rxe4 65.Rf3+ Kc4 66.Rh3 Re2 67.h5 gxh5 68.Rxh5 Kd4 69.Rh8 Rg2 70.Kc1 Ke5
71.Kd1 Kf6 72.Ke1 Kg7 73.Rh3 Ra2  1/2-1/2

[Event "Isle of Man op"]
[Site "Isle of Man"]
[Date "1996.??.??"]
[Round "1"]
[White "Novikov, Igor A"]
[Black "Blees, Albert"]
[Result "1-0"]
[WhiteElo "2585"]
[BlackElo "2415"]

1.d4 Nf6 2.c4 c5 3.d5 b5 4.cxb5 a6 5.e3 axb5 6.Bxb5 Qa5+ 7.Nc3 Bb7 8.Ne2 Nxd5
9.O-O Nc7 10.a4 e6 11.e4 Be7 12.Bf4 O-O 13.Qd3 Rd8 14.Rad1 d6 15.Qg3 Nxb5
16.axb5 e5 17.Bh6 Bf8 18.f4 Nd7 19.Rxd6 Kh8 20.fxe5 gxh6 21.Rxf7 Qa1+ 22.Kf2 c4
23.e6 Qa7+ 24.Nd4 h5 25.e7  1-0

[Event "Portoroz"]
[Site "Portoroz"]
[Date "1996.??.??"]
[Round "?"]
[White "Dizdar, Selim"]
[Black "Novikov, Igor A"]
[Result "0-1"]
[WhiteElo "2400"]
[BlackElo "2590"]

1.c4 e6 2.e4 c5 3.Nc3 Nc6 4.g3 g6 5.Bg2 Bg7 6.Nge2 Nge7 7.O-O O-O 8.Rb1 d6
9.a3 b6 10.b4 Bb7 11.b5 Nd4 12.Nxd4 cxd4 13.Na2 a5 14.bxa6 Rxa6 15.d3 Qd7
16.Nb4 Ra7 17.Qb3 Rfa8 18.Nc2 Bc6 19.Nb4 Ba4 20.Qa2 Rc8 21.Bd2 b5 22.cxb5 Bxb5
23.Rfc1 Rc5 24.Bf1 h6 25.Rc2 Rxc2 26.Nxc2 d5 27.f3 dxe4 28.fxe4 g5 29.Ne1 Ng6
30.Nf3 Kh7 31.Bb4 g4 32.Ne1 f5 33.exf5 exf5 34.Bg2 Ne5 35.Bd5 Ra6 36.Bc5 h5
37.Bxd4 Nc4 38.dxc4 Bxd4+ 39.Kg2 Bc6 40.Nd3 Bxd5+ 41.cxd5 Rxa3 42.Qxa3 Qxd5+
43.Kf1 Qh1+ 44.Ke2 Qxb1 45.Qe7+ Bg7 46.Qf7 Qc2+ 47.Ke3 Qc8 48.Qxh5+ Bh6+
49.Nf4 Qc3+ 50.Ke2 Qc2+  0-1

[Event "Portoroz"]
[Site "Portoroz"]
[Date "1996.??.??"]
[Round "?"]
[White "Novikov, Igor A"]
[Black "Rogic, Davor"]
[Result "1/2-1/2"]
[WhiteElo "2590"]
[BlackElo "2445"]

1.d4 Nf6 2.c4 g6 3.Nc3 Bg7 4.e4 d6 5.f3 O-O 6.Bg5 a6 7.Qd2 Nbd7 8.Nh3 c5
9.d5 b5 10.Nf2 Qa5 11.cxb5 Nb6 12.Be2 axb5 13.Nxb5 Bd7 14.Qxa5 Rxa5 15.Nc3 Rb8
16.Bd2 Ne8 17.Ncd1 Ra7 18.Bc3 e6 19.dxe6 Bxe6 20.a3 Bf8 21.b4 Na4 22.Bd2 Nb6
23.bxc5 dxc5 24.Nc3 Nc4 25.Bxc4 Bxc4 26.Nfd1 Bg7 27.a4 Nc7 28.Kf2 Ne6 29.Ne3 Bd3
30.Ra2 Rb3 31.Rc1 Bd4 32.Ke1 f5 33.a5 fxe4 34.fxe4 Ba6 35.Ncd5 Rf7 36.Kd1 Rf2
37.Rac2 Bd3 38.Ra2 Ba6 39.Rac2 Nf4 40.Nxf4 Rxf4 41.Nc4 Rxe4 42.Be1 Rd3+ 43.Rd2 Rxe1+
44.Kxe1 Bc3 45.Kd1 Bxd2 46.Nxd2 c4 47.Kc2 Ra3 48.Kb2 Ra4 49.Rc3 Rxa5 50.Nxc4 Rh5
51.h3 Rg5 52.g4 Bxc4 53.Rxc4 Re5 54.h4 h6 55.Kc3  1/2-1/2

[Event "Portoroz"]
[Site "Portoroz"]
[Date "1996.??.??"]
[Round "?"]
[White "Mestrovic, Zvonimir"]
[Black "Novikov, Igor A"]
[Result "1/2-1/2"]
[WhiteElo "2470"]
[BlackElo "2590"]

1.Nc3 c5 2.Nf3 Nf6 3.g3 d5 4.d3 Nc6 5.Bg2 d4 6.Ne4 Nxe4 7.dxe4 e5 8.O-O Be7
9.Ne1 h5 10.e3 h4 11.exd4 cxd4 12.Nd3 hxg3 13.fxg3 Be6 14.Bd2 Qd7 15.a3 f6
16.Bf3 g6 17.Bb4 b6 18.Bxe7 Qxe7 19.Bg4 O-O 20.Bxe6+ Qxe6 21.Rf2 Rf7 22.Qe2 Kg7
23.Raf1 Na5 24.Nb4 Raf8 25.g4 Nc4 26.Nd5 Nxb2 27.h4 Na4 28.h5 Nc3 29.Nxc3 dxc3
30.hxg6 Kxg6 31.Qf3 Rh7 32.Qg3 Qc4 33.Qf3 Qe6 34.Qg3 Qc4 35.Qf3  1/2-1/2

[Event "RUS-Cup1 Chigorin mem"]
[Site "St Petersburg"]
[Date "1996.??.??"]
[Round "5"]
[White "Novikov, Igor A"]
[Black "Ivanov, S."]
[Result "1/2-1/2"]
[WhiteElo "2585"]
[BlackElo "2490"]

1.d4 d5 2.c4 e6 3.Nf3 Nf6 4.Nc3 c6 5.Bg5 dxc4 6.e4 b5 7.e5 h6 8.Bh4 g5 9.Nxg5 hxg5
10.Bxg5 Nbd7 11.g3 Bb7 12.Bg2 Qb6 13.exf6 O-O-O 14.O-O c5 15.d5 b4 16.Rb1 Bh6
17.Bxh6 Rxh6 18.b3 bxc3 19.bxc4 Qa6 20.Rxb7 Qxb7 21.dxe6 Qb2 22.exd7+ Rxd7
23.Qf3 c2 24.Qc6+ Kd8 25.Qa8+ Kc7 26.Qc6+ Kd8 27.Qa8+ Kc7 28.Qxa7+ Kd6 29.Qa6+ Kc7
30.Qc6+ Kd8 31.Qa8+ Kc7 32.Qc6+  1/2-1/2